Fadlallah : (Record no. 8583)
[ view plain ]
| 000 -LEADER | |
|---|---|
| fixed length control field | 01199nac a22002891u 4500 |
| 010 ## - LIBRARY OF CONGRESS CONTROL NUMBER | |
| LC control number | 2005432656 |
| 020 ## - INTERNATIONAL STANDARD BOOK NUMBER | |
| International Standard Book Number | 0863565964 |
| 035 ## - SYSTEM CONTROL NUMBER | |
| System control number | (OCoLC)ocm60835216 |
| 082 04 - DEWEY DECIMAL CLASSIFICATION NUMBER | |
| Classification number | 297.82092 |
| Item number | SAN |
| 090 ## - LOCALLY ASSIGNED LC-TYPE CALL NUMBER (OCLC); LOCAL CALL NUMBER (OCLC) | |
| -- | 8583 |
| -- | 8583 |
| 100 ## - MAIN ENTRY--PERSONAL NAME | |
| Personal name | Sankari, Jamal. |
| 245 10 - TITLE STATEMENT | |
| Title | Fadlallah : |
| Remainder of title | the making of a radical Shi'ite leader / |
| Statement of responsibility, etc | Jamal Sankari. |
| 260 ## - PUBLICATION, DISTRIBUTION, ETC. (IMPRINT) | |
| Place of publication, distribution, etc | London : |
| Name of publisher, distributor, etc | Saqi,C.2005. |
| Date of publication, distribution, etc | C.2005. |
| 300 ## - PHYSICAL DESCRIPTION | |
| Extent | 397 p. ; |
| Dimensions | 24 cm. |
| 500 ## - GENERAL NOTE | |
| General note | Distributer: Baccah. |
| 504 ## - BIBLIOGRAPHY, ETC. NOTE | |
| Bibliography, etc | Includes bibliographical references (p. [363]-383) and index. |
| 511 ## - PARTICIPANT OR PERFORMER NOTE | |
| Participant or performer note | Catalogued By: Mahitab. |
| 600 10 - SUBJECT ADDED ENTRY--PERSONAL NAME | |
| Personal name | FadlAllah Mohammed El-Hussien. |
| 650 #0 - SUBJECT ADDED ENTRY--TOPICAL TERM | |
| Topical term or geographic name as entry element | Shiites |
| Geographic subdivision | Lebanon |
| Form subdivision | Biography. |
| 650 #0 - SUBJECT ADDED ENTRY--TOPICAL TERM | |
| Topical term or geographic name as entry element | Radicals |
| Geographic subdivision | Lebanon |
| Form subdivision | Biography. |
| 650 #0 - SUBJECT ADDED ENTRY--TOPICAL TERM | |
| Topical term or geographic name as entry element | Islamic fundamentalism |
| Geographic subdivision | Middle East. |
| 650 #0 - SUBJECT ADDED ENTRY--TOPICAL TERM | |
| Topical term or geographic name as entry element | Islam and politics |
| Geographic subdivision | Middle East. |
| 856 42 - ELECTRONIC LOCATION AND ACCESS | |
| Materials specified | Contributor biographical information |
| Uniform Resource Identifier | <a href="http://www.loc.gov/catdir/enhancements/fy0628/2005432656-b.html">http://www.loc.gov/catdir/enhancements/fy0628/2005432656-b.html</a> |
| 856 42 - ELECTRONIC LOCATION AND ACCESS | |
| Materials specified | Publisher description |
| Uniform Resource Identifier | <a href="http://www.loc.gov/catdir/enhancements/fy0628/2005432656-d.html">http://www.loc.gov/catdir/enhancements/fy0628/2005432656-d.html</a> |
| 942 ## - ADDED ENTRY ELEMENTS (KOHA) | |
| Item type | Book - Borrowing |
| Call number prefix | 297.82092SAN |
| Withdrawn status | Item status | Damaged status | Not for loan | Home library | Current library | Shelving location | Date acquired | Source of acquisition | Total Checkouts | Total Renewals | Full call number | Barcode | Date last seen | Date last borrowed | Koha item type | Source of classification or shelving scheme | Vendor | Cost, normal purchase price | Cost, replacement price |
|---|---|---|---|---|---|---|---|---|---|---|---|---|---|---|---|---|---|---|---|
| Central Library | Central Library | Lower Floor | 08/03/2013 | Purchase | 2 | 2 | 297.82092SAN | 000010374 | 15/07/2025 | 27/03/2016 | Book - Borrowing | ||||||||
| Central Library | Central Library | Lower Floor | 13/03/2008 | 297.82092SAN | 000010512 | 15/07/2025 | NB - Book (Non borrowing) | Dewey Decimal Classification | 295.00 | 368.75 |